000
00512nam a2200181Ia 4500
008
090124s9999 xx 000 0 und d
082
_b
114431
100
_a
कालेलकर मधुसूदन
245
_a
अमृत वेल
250
_a
1
260
_c
1972
300
_a
87
600
_a
कालेलकर मधुसूदन
630
_a
अमृत वेल
700
_a
कालेलकर मधुसूदन
730
_a
अमृत वेल
942
_c
BOOK
999
_c
160522
_d
160522